Biología 1 : (Record no. 208599)

MARC details
000 -CABECERA
campo de control de longitud fija 00889nam a2200253 a 4500
003 - IDENTIFICADOR DEL NÚMERO DE CONTROL
campo de control MX-MxUPN
005 - FECHA Y HORA DE LA ÚLTIMA TRANSACCIÓN
campo de control 20220617124824.0
008 - ELEMENTOS DE LONGITUD FIJA--INFORMACIÓN GENERAL
campo de control de longitud fija 220610s1977 mx a||||r|||| 000 0 spa d
040 ## - FUENTE DE LA CATALOGACIÓN
Centro catalogador/agencia de origen MX-MxUPN
Lengua de catalogación spa
Centro/agencia transcriptor MX-MxUPN
041 0# - CÓDIGO DE IDIOMA
Código de lengua del texto/banda sonora o título independiente spa
050 14 - SIGNATURA TOPOGRÁFICA DE LA BIBLIOTECA DEL CONGRESO
Número de clasificación LB1651 M61
Número de documento/Ítem C37
100 1# - ASIENTO PRINCIPAL--NOMBRE PERSONAL
Nombre de persona Castellanos Iturriaga, Juan
9 (RLIN) 44792
100 1# - ASIENTO PRINCIPAL--NOMBRE PERSONAL
Nombre de persona Herrera Rosales, Ernesto
9 (RLIN) 44793
100 1# - ASIENTO PRINCIPAL--NOMBRE PERSONAL
Nombre de persona Jiménez Gomara, Daniel Iván
9 (RLIN) 44794
100 1# - ASIENTO PRINCIPAL--NOMBRE PERSONAL
Nombre de persona López García, Marina del Carmen
9 (RLIN) 44795
245 10 - MENCIÓN DE TÍTULO
Título Biología 1 :
Resto del título primer curso
250 ## - MENCIÓN DE EDICIÓN
Mención de edición Primera edición.
260 ## - PUBLICACIÓN, DISTRIBUCIÓN, ETC.
Lugar de publicación, distribución, etc. México, D.F. :
Nombre del editor, distribuidor, etc. Esfinge,
Fecha de publicación, distribución, etc. 1977.
300 ## - DESCRIPCIÓN FÍSICA
Extensión 180 páginas :
Otras características físicas ilustraciones.
500 ## - NOTA GENERAL
Nota general "Desarrollo del programa oficial por objetivos, de acuerdo con la reforma educativa"--portada.
650 #4 - ASIENTO SECUNDARIO DE MATERIA - TERMINO TEMATICO
Término de materia o nombre geográfico como elemento de entrada Biología
Subdivisión general Estudio y enseñanza (Secundaria)
9 (RLIN) 4532
650 #4 - ASIENTO SECUNDARIO DE MATERIA - TERMINO TEMATICO
Término de materia o nombre geográfico como elemento de entrada Biología
Subdivisión de forma Libros de texto
9 (RLIN) 4651
942 ## - ELEMENTOS DE PUNTO DE ACCESO ADICIONAL (KOHA)
Fuente del sistema de clasificación o colocación Library of Congress Classification
Tipo de ítem Koha Libro
Holdings
Estado de retiro Estado de pérdida Fuente del sistema de clasificación o colocación Estado dañado No para préstamo Código de colección Localización permanente Ubicación/localización actual Ubicación en estantería Fecha de adquisición Clasificación Código de barras Fecha visto por última vez Precio válido a partir de Tipo de ítem Koha
    Library of Congress Classification   Disponible (Préstamo en sala) Libros de texto Bib. Gregorio Torres Quintero Bib. Gregorio Torres Quintero Colecciones especiales Planta alta 10/06/2022 LB1651 M61 C37 33159 10/06/2022 10/06/2022 Libro